[Event "II Open Internacional Blitz Quart de Pob"]
[Site "Quart de Poblet, Spain"]
[Date "2019.08.10"]
[Round "9.1"]
[White "Kovacevic, Slobodan"]
[Black "Castella Garcia, Fausto"]
[Result "0-1"]
[WhiteElo "2395"]
[BlackElo "2279"]
[PlyCount "86"]
[EventDate "2019.??.??"]

1. d4 {[%clk 00:07:05]} 1... Nf6 {[%clk 00:06:58]  [%emt 00:00:06]} 2. Nf3 {
[%clk 00:07:06]} 2... g6 {[%clk 00:06:58]  [%emt 00:00:10]} 3. Bg5 {
[%clk 00:07:08]} 3... Bg7 {[%clk 00:06:59]} 4. Nbd2 {[%clk 00:07:10]} 4... d6 {
[%clk 00:07:00]  [%emt 00:00:05]} 5. c3 {[%clk 00:07:12]} 5... O-O {
[%clk 00:07:01]} 6. e4 {[%clk 00:07:14]  [%emt 00:00:04]} 6... Nbd7 {
[%clk 00:06:58]  [%emt 00:00:08]} 7. Qc2 {[%clk 00:07:15]} 7... e5 {
[%clk 00:06:59]} 8. dxe5 {[%clk 00:07:17]} 8... dxe5 {
[%clk 00:06:58]  [%emt 00:00:05]} 9. Be2 {[%clk 00:07:19]} 9... h6 {
[%clk 00:06:53]  [%emt 00:00:10]} 10. Bh4 {[%clk 00:07:20]} 10... Qe7 {
[%clk 00:06:54]} 11. O-O {[%clk 00:07:21]  [%emt 00:00:04]} 11... b6 {
[%clk 00:06:55]} 12. b4 {[%clk 00:07:23]  [%emt 00:00:09]} 12... Bb7 {
[%clk 00:06:53]} 13. Rfe1 {[%clk 00:07:23]  [%emt 00:00:04]} 13... Rfe8 {
[%clk 00:06:49]  [%emt 00:00:07]} 14. Bf1 {[%clk 00:07:10]  [%emt 00:00:14]}
14... Qf8 {[%clk 00:06:19]  [%emt 00:00:34]} 15. Nc4 {
[%clk 00:07:11]  [%emt 00:00:04]} 15... Rad8 {[%clk 00:05:29]  [%emt 00:00:49]}
16. Nfd2 {[%clk 00:07:12]} 16... h5 {[%clk 00:05:11]  [%emt 00:00:22]} 17. Bg5
{[%clk 00:07:08]  [%emt 00:00:11]} 17... Bh6 {[%clk 00:05:11]} 18. Bxh6 {
[%clk 00:06:52]  [%emt 00:00:18]} 18... Qxh6 {[%clk 00:05:13]} 19. Rad1 {
[%clk 00:06:55]  [%emt 00:00:07]} 19... Nf8 {[%clk 00:04:49]  [%emt 00:00:21]}
20. Ne3 {[%clk 00:06:31]  [%emt 00:00:27]} 20... Ne6 {
[%clk 00:04:44]  [%emt 00:00:07]} 21. Bb5 {[%clk 00:06:32]  [%emt 00:00:05]}
21... c6 {[%clk 00:04:24]  [%emt 00:00:22]} 22. Bf1 {
[%clk 00:06:32]  [%emt 00:00:06]} 22... Ng4 {[%clk 00:04:16]  [%emt 00:00:07]}
23. Ndc4 {[%clk 00:06:22]  [%emt 00:00:17]} 23... Nxe3 {
[%clk 00:03:55]  [%emt 00:00:20]} 24. Rxe3 {[%clk 00:06:11]  [%emt 00:00:13]}
24... Qg5 {[%clk 00:02:54]  [%emt 00:01:08]} 25. g3 {
[%clk 00:05:56]  [%emt 00:00:16]} 25... c5 {[%clk 00:02:47]  [%emt 00:00:08]}
26. b5 {[%clk 00:05:53]  [%emt 00:00:07]} 26... Rxd1 {
[%clk 00:02:44]  [%emt 00:00:06]} 27. Qxd1 {[%clk 00:05:52]  [%emt 00:00:06]}
27... Rd8 {[%clk 00:02:46]  [%emt 00:00:04]} 28. Qc2 {
[%clk 00:05:29]  [%emt 00:00:22]} 28... Qf6 {[%clk 00:02:37]  [%emt 00:00:11]}
29. Bg2 {[%clk 00:05:19]  [%emt 00:00:13]} 29... h4 {
[%clk 00:02:33]  [%emt 00:00:07]} 30. Rd3 {[%clk 00:05:21]} 30... Ng5 {
[%clk 00:02:01]  [%emt 00:00:39]} 31. Rxd8+ Qxd8 {[%clk 00:02:03]} 32. gxh4 {
[%clk 00:05:06]  [%emt 00:00:06]} 32... Ne6 {[%clk 00:01:57]  [%emt 00:00:11]}
33. Qd2 {[%clk 00:04:25]  [%emt 00:00:44]} 33... Qxh4 {
[%clk 00:01:51]  [%emt 00:00:05]} 34. Qd6 {[%clk 00:03:57]  [%emt 00:00:27]}
34... Bxe4 {[%clk 00:01:11]  [%emt 00:00:47]} 35. Qb8+ {
[%clk 00:03:02]  [%emt 00:01:02]} 35... Kh7 {[%clk 00:01:13]} 36. Qe8 {
[%clk 00:00:40]  [%emt 00:02:22]} 36... Ng5 {[%clk 00:00:30]  [%emt 00:00:46]}
37. Nxe5 {[%clk 00:00:10]  [%emt 00:00:36]} 37... Bxg2 {
[%clk 00:00:18]  [%emt 00:00:12]} 38. Kxg2 {[%clk 00:00:12]} 38... Qe4+ {
[%clk 00:00:18]  [%emt 00:00:06]} 39. Kg3 {[%clk 00:00:08]  [%emt 00:00:10]}
39... Kg7 {[%clk 00:00:07]  [%emt 00:00:11]} 40. Qe7 {
[%clk 00:00:06]  [%emt 00:00:04]} 40... Qf5 {[%clk 00:00:06]  [%emt 00:00:07]}
41. f3 {[%emt 00:00:28]} 41... Qh3+ 42. Kf2 Qxh2+ 43. Ke3 Qg1+ {[%emt 00:00:11]
} 0-1

[Event "II Open Internacional Blitz Quart de Pob"]
[Site "Quart de Poblet, Spain"]
[Date "2019.08.10"]
[Round "9.2"]
[White "Toledano Llinares, Juan A"]
[Black "Ballester Llagaria, Luis Eduardo"]
[Result "0-1"]
[WhiteElo "2249"]
[BlackElo "2291"]
[PlyCount "122"]
[EventDate "2019.??.??"]

1. f4 {[%clk 00:07:04]  [%emt 00:00:06]} 1... d5 {[%clk 00:07:05]} 2. Nf3 {
[%clk 00:07:04]  [%emt 00:00:10]} 2... Nf6 {[%clk 00:07:06]} 3. b3 {
[%clk 00:07:05]  [%emt 00:00:11]} 3... Bg4 {[%clk 00:07:04]} 4. e3 {
[%clk 00:07:02]} 4... c5 {[%clk 00:06:55]  [%emt 00:00:13]} 5. Bb2 {
[%clk 00:06:54]  [%emt 00:00:05]} 5... e6 {[%clk 00:06:53]  [%emt 00:00:28]} 6.
h3 {[%clk 00:06:52]} 6... Bxf3 {[%clk 00:06:51]  [%emt 00:00:06]} 7. Qxf3 {
[%clk 00:06:51]} 7... Be7 {[%clk 00:06:45]} 8. Bb5+ {
[%clk 00:06:47]  [%emt 00:00:04]} 8... Nbd7 {[%clk 00:06:47]  [%emt 00:00:07]}
9. O-O {[%clk 00:06:16]  [%emt 00:00:25]} 9... O-O {
[%clk 00:06:42]  [%emt 00:00:42]} 10. Bxd7 {[%clk 00:06:13]} 10... Nxd7 {
[%clk 00:06:19]  [%emt 00:00:03]} 11. e4 {[%clk 00:06:02]  [%emt 00:00:09]}
11... dxe4 {[%clk 00:06:07]  [%emt 00:00:24]} 12. Qxe4 {[%clk 00:06:03]} 12...
Bf6 {[%clk 00:06:08]} 13. Nc3 {[%clk 00:05:47]  [%emt 00:00:53]} 13... Nb6 {
[%clk 00:05:57]} 14. Rad1 {[%clk 00:05:33]  [%emt 00:00:03]} 14... Qd4+ {
[%clk 00:05:01]  [%emt 00:00:49]} 15. Qxd4 {[%clk 00:05:33]  [%emt 00:00:15]}
15... Bxd4+ {[%clk 00:05:02]} 16. Kh2 {[%clk 00:05:19]  [%emt 00:00:08]} 16...
Nd5 {[%clk 00:04:43]  [%emt 00:00:20]} 17. Nxd5 {
[%clk 00:05:16]  [%emt 00:00:31]} 17... Bxb2 {[%clk 00:04:36]  [%emt 00:00:07]}
18. Ne3 {[%clk 00:05:10]} 18... Bf6 {[%clk 00:04:32]} 19. d3 {
[%clk 00:05:04]  [%emt 00:00:07]} 19... b5 {[%clk 00:04:30]  [%emt 00:00:04]}
20. Rde1 {[%clk 00:05:00]  [%emt 00:00:06]} 20... g6 {
[%clk 00:04:20]  [%emt 00:00:14]} 21. Ng4 {[%clk 00:04:58]  [%emt 00:00:18]}
21... Bd4 {[%clk 00:04:19]  [%emt 00:00:03]} 22. Ne5 {[%clk 00:04:55]} 22... a5
{[%clk 00:04:01]  [%emt 00:00:12]} 23. a4 {[%clk 00:04:39]  [%emt 00:00:21]}
23... bxa4 {[%clk 00:03:46]  [%emt 00:00:16]} 24. bxa4 {
[%clk 00:04:41]  [%emt 00:00:12]} 24... Rab8 {[%clk 00:03:47]} 25. Nc6 {
[%clk 00:04:23]  [%emt 00:00:12]} 25... Rb2 {[%clk 00:03:41]  [%emt 00:00:09]}
26. Re2 {[%clk 00:04:23]  [%emt 00:00:31]} 26... Bc3 {
[%clk 00:03:35]  [%emt 00:00:08]} 27. Rff2 {[%clk 00:03:50]  [%emt 00:00:09]}
27... Kg7 {[%clk 00:03:29]  [%emt 00:00:18]} 28. Re4 {[%clk 00:03:52]} 28...
Rc8 {[%clk 00:03:14]  [%emt 00:00:13]} 29. Na7 {
[%clk 00:03:52]  [%emt 00:00:03]} 29... Rd8 {[%clk 00:03:11]  [%emt 00:00:04]}
30. Rc4 {[%clk 00:03:49]  [%emt 00:00:12]} 30... Bd4 {
[%clk 00:03:04]  [%emt 00:00:08]} 31. Re2 {[%clk 00:03:50]  [%emt 00:00:07]}
31... Rb4 {[%clk 00:02:45]  [%emt 00:00:10]} 32. Nc6 {
[%clk 00:03:35]  [%emt 00:00:54]} 32... Rxc4 {[%clk 00:02:45]} 33. dxc4 {
[%clk 00:03:37]} 33... Rc8 {[%clk 00:02:32]} 34. Nxa5 Ra8 {[%clk 00:02:33]} 35.
Nb3 {[%clk 00:00:38]  [%emt 00:02:52]} 35... Rxa4 {
[%clk 00:02:35]  [%emt 00:00:40]} 36. c3 {[%clk 00:00:36]} 36... Bxc3 {
[%clk 00:02:31]} 37. Nxc5 {[%clk 00:00:38]} 37... Rxc4 {
[%clk 00:02:30]  [%emt 00:00:03]} 38. Ne4 {[%clk 00:00:38]} 38... Bd4 {
[%clk 00:02:27]} 39. g3 {[%clk 00:00:37]} 39... Rc1 {[%clk 00:02:26]} 40. Rd2 {
[%clk 00:00:37]  [%emt 00:00:03]} 40... Be3 {[%clk 00:02:20]  [%emt 00:00:16]}
41. Rd7 {[%clk 00:00:38]} 41... Rc2+ {[%clk 00:02:10]  [%emt 00:00:07]} 42. Kh1
{[%clk 00:00:41]} 42... h6 {[%clk 00:01:44]  [%emt 00:00:26]} 43. Nd6 {
[%clk 00:00:40]  [%emt 00:00:15]} 43... Rd2 {[%clk 00:01:28]  [%emt 00:00:10]}
44. Rxf7+ {[%clk 00:00:35]  [%emt 00:00:05]} 44... Kg8 {
[%clk 00:01:29]  [%emt 00:00:03]} 45. Rd7 {[%clk 00:00:37]} 45... Kf8 {
[%clk 00:01:19]  [%emt 00:00:17]} 46. h4 {[%clk 00:00:09]  [%emt 00:00:25]}
46... Bc5 {[%clk 00:01:06]  [%emt 00:01:00]} 47. Rd8+ {[%clk 00:00:07]} 47...
Ke7 {[%clk 00:01:04]} 48. Rg8 {[%clk 00:00:09]} 48... Bxd6 {
[%clk 00:00:39]  [%emt 00:00:04]} 49. Rxg6 {[%clk 00:00:11]} 49... h5 {
[%clk 00:00:42]} 50. Rg5 {[%clk 00:00:13]  [%emt 00:00:03]} 50... Rd5 {
[%clk 00:00:44]} 51. Rg7+ {[%clk 00:00:14]} 51... Kf6 {[%clk 00:00:46]} 52. Rg8
{[%clk 00:00:16]} 52... Kf5 {[%clk 00:00:46]  [%emt 00:00:03]} 53. Kg2 {
[%clk 00:00:18]} 53... Ke4 {[%clk 00:00:48]} 54. Kh3 {[%clk 00:00:20]} 54...
Kf3 {[%clk 00:00:48]  [%emt 00:00:03]} 55. Rg5 {[%clk 00:00:22]} 55... Rd1 {
[%clk 00:00:46]  [%emt 00:00:09]} 56. Kh2 {[%clk 00:00:24]} 56... Rd2+ {
[%clk 00:00:40]  [%emt 00:00:07]} 57. Kh3 {[%clk 00:00:26]  [%emt 00:00:04]}
57... Rd1 {[%clk 00:00:42]} 58. Kh2 {[%emt 00:00:07]} 58... Rd5 {
[%clk 00:00:42]} 59. Rg6 {[%clk 00:00:30]} 59... Rd2+ {
[%clk 00:00:31]  [%emt 00:00:11]} 60. Kh3 {[%clk 00:00:32]} 60... Bc5 {
[%clk 00:00:30]  [%emt 00:00:08]} 61. f5 {[%clk 00:00:05]  [%emt 00:00:23]}
61... Bg1 {[%clk 00:00:26]  [%emt 00:00:31]} 0-1

[Event "II Open Internacional Blitz Quart de Pob"]
[Site "Quart de Poblet, Spain"]
[Date "2019.08.10"]
[Round "9.3"]
[White "Granero Roca, Antonio"]
[Black "Buenafe Moya, Javier"]
[Result "1-0"]
[WhiteElo "2393"]
[BlackElo "2117"]
[PlyCount "67"]
[EventDate "2019.??.??"]

1. d4 {[%clk 00:07:05]} 1... Nf6 {[%clk 00:07:04]  [%emt 00:00:23]} 2. c4 {
[%clk 00:07:07]} 2... e6 {[%clk 00:07:05]} 3. Nf3 {
[%clk 00:07:08]  [%emt 00:00:05]} 3... Bb4+ {[%clk 00:06:51]} 4. Bd2 {
[%clk 00:07:10]} 4... a5 {[%clk 00:06:52]  [%emt 00:00:09]} 5. g3 {
[%clk 00:07:11]} 5... O-O {[%clk 00:06:52]  [%emt 00:00:04]} 6. Bg2 {
[%clk 00:07:12]} 6... d5 {[%clk 00:06:47]  [%emt 00:00:06]} 7. O-O {
[%clk 00:07:13]  [%emt 00:00:03]} 7... b6 {[%clk 00:06:45]  [%emt 00:00:08]} 8.
Ne5 {[%clk 00:07:06]  [%emt 00:00:07]} 8... Ba6 {
[%clk 00:06:35]  [%emt 00:00:10]} 9. Nc3 {[%clk 00:06:55]  [%emt 00:00:16]}
9... Bxc3 {[%clk 00:06:29]  [%emt 00:00:12]} 10. Bxc3 {
[%clk 00:06:30]  [%emt 00:00:22]} 10... Ra7 {[%clk 00:06:26]  [%emt 00:00:18]}
11. Rc1 {[%clk 00:06:08]  [%emt 00:00:16]} 11... Qd6 {
[%clk 00:06:09]  [%emt 00:00:21]} 12. c5 {[%clk 00:05:19]  [%emt 00:01:08]}
12... Qe7 {[%clk 00:05:52]  [%emt 00:00:03]} 13. b4 {
[%clk 00:05:07]  [%emt 00:00:13]} 13... Rd8 {[%clk 00:04:25]  [%emt 00:01:55]}
14. Re1 {[%clk 00:04:46]  [%emt 00:00:08]} 14... Ne4 {[%clk 00:04:26]} 15. bxa5
{[%clk 00:04:22]  [%emt 00:00:20]} 15... bxc5 {[%clk 00:03:54]  [%emt 00:00:43]
} 16. dxc5 {[%clk 00:04:08]  [%emt 00:00:11]} 16... Nxc3 {
[%clk 00:03:27]  [%emt 00:00:28]} 17. Rxc3 {[%clk 00:04:08]  [%emt 00:00:09]}
17... f6 {[%clk 00:03:26]  [%emt 00:00:03]} 18. Nd3 {
[%clk 00:03:57]  [%emt 00:00:10]} 18... Bxd3 {[%clk 00:03:14]  [%emt 00:00:30]}
19. Rxd3 {[%clk 00:03:16]  [%emt 00:00:29]} 19... Qxc5 {
[%clk 00:03:00]  [%emt 00:00:40]} 20. e4 {[%clk 00:03:16]  [%emt 00:00:04]}
20... Rxa5 {[%clk 00:02:51]} 21. exd5 {[%clk 00:03:05]  [%emt 00:00:04]} 21...
Rxa2 {[%clk 00:02:39]  [%emt 00:00:15]} 22. Re2 {
[%clk 00:02:24]  [%emt 00:00:44]} 22... Rxe2 {[%clk 00:02:03]  [%emt 00:00:36]}
23. Qxe2 {[%clk 00:02:25]  [%emt 00:00:36]} 23... e5 {[%clk 00:02:05]} 24. Bh3
{[%clk 00:01:49]  [%emt 00:00:09]} 24... c6 {[%clk 00:00:24]  [%emt 00:01:43]}
25. Be6+ {[%clk 00:00:55]  [%emt 00:00:55]} 25... Kh8 {
[%clk 00:00:25]  [%emt 00:00:16]} 26. Qh5 {[%clk 00:00:29]  [%emt 00:00:39]}
26... cxd5 {[%clk 00:00:18]  [%emt 00:00:04]} 27. Bf5 {[%clk 00:00:30]} 27...
Qc1+ {[%clk 00:00:20]} 28. Rd1 {[%clk 00:00:26]} 28... Qh6 {[%clk 00:00:22]}
29. Qf7 {[%clk 00:00:25]  [%emt 00:00:03]} 29... d4 {
[%clk 00:00:20]  [%emt 00:00:12]} 30. Qc7 {[%clk 00:00:19]  [%emt 00:00:03]}
30... Rf8 {[%clk 00:00:11]  [%emt 00:00:10]} 31. Qe7 {
[%clk 00:00:10]  [%emt 00:00:05]} 31... g6 {[%clk 00:00:12]  [%emt 00:00:05]}
32. Be4 {[%clk 00:00:04]  [%emt 00:00:15]} 32... Qg7 {[%clk 00:00:14]} 33. Qd6
{[%clk 00:00:05]} 33... Qd7 {[%clk 00:00:12]  [%emt 00:00:04]} 34. Qxf8# {
[%clk 00:00:06]  [%emt 00:00:04]} 1-0

[Event "II Open Internacional Blitz Quart de Pob"]
[Site "Quart de Poblet, Spain"]
[Date "2019.08.10"]
[Round "9.4"]
[White "Galvan, Jesus"]
[Black "Plaskett, H James"]
[Result "0-1"]
[WhiteElo "2200"]
[BlackElo "2474"]
[PlyCount "56"]
[EventDate "2019.??.??"]

1. d4 {[%clk 00:07:05]  [%emt 00:00:03]} 1... e6 {[%clk 00:07:04]} 2. c4 {
[%clk 00:07:07]} 2... b6 {[%clk 00:07:06]  [%emt 00:00:07]} 3. a3 {
[%clk 00:07:09]} 3... Bb7 {[%clk 00:07:06]} 4. Nc3 {[%clk 00:07:11]} 4... f5 {
[%clk 00:07:02]  [%emt 00:00:09]} 5. Nf3 {[%clk 00:07:09]  [%emt 00:00:05]}
5... Nf6 {[%clk 00:07:03]  [%emt 00:00:03]} 6. g3 {
[%clk 00:07:08]  [%emt 00:00:04]} 6... g6 {[%clk 00:07:02]  [%emt 00:00:03]} 7.
Bg2 {[%clk 00:07:10]} 7... Bg7 {[%clk 00:07:04]} 8. O-O {
[%clk 00:07:12]  [%emt 00:00:03]} 8... O-O {[%clk 00:07:06]} 9. b3 {
[%clk 00:06:40]  [%emt 00:00:35]} 9... Na6 {[%clk 00:06:34]  [%emt 00:00:32]}
10. Bb2 {[%clk 00:06:42]  [%emt 00:00:14]} 10... Qe7 {
[%clk 00:06:24]  [%emt 00:00:13]} 11. Qc2 {[%clk 00:06:35]} 11... d6 {
[%clk 00:06:11]  [%emt 00:00:13]} 12. e3 {[%clk 00:06:24]  [%emt 00:00:41]}
12... e5 {[%clk 00:05:36]  [%emt 00:00:11]} 13. d5 {
[%clk 00:05:22]  [%emt 00:01:06]} 13... Nc5 {[%clk 00:05:05]  [%emt 00:00:34]}
14. b4 {[%clk 00:04:53]  [%emt 00:00:33]} 14... Nce4 {[%clk 00:05:06]} 15. Nxe4
{[%emt 00:00:38]} 15... Nxe4 16. Nd2 {[%clk 00:04:36]} 16... Nf6 {
[%clk 00:04:56]} 17. Rfe1 {[%clk 00:03:42]  [%emt 00:00:54]} 17... h5 {
[%clk 00:04:48]  [%emt 00:00:18]} 18. f4 {[%clk 00:03:38]  [%emt 00:00:07]}
18... h4 {[%clk 00:04:32]  [%emt 00:00:27]} 19. e4 {
[%clk 00:03:20]  [%emt 00:00:09]} 19... hxg3 {[%clk 00:04:32]  [%emt 00:00:04]}
20. hxg3 {[%clk 00:03:16]  [%emt 00:00:06]} 20... Nh5 {
[%clk 00:04:29]  [%emt 00:00:10]} 21. fxe5 {[%clk 00:01:23]  [%emt 00:01:52]}
21... dxe5 {[%clk 00:04:04]  [%emt 00:00:25]} 22. exf5 {
[%clk 00:00:57]  [%emt 00:00:28]} 22... gxf5 {[%clk 00:04:02]  [%emt 00:00:33]}
23. g4 {[%clk 00:00:56]} 23... Nf4 {[%clk 00:03:37]  [%emt 00:00:07]} 24. gxf5
{[%clk 00:00:50]  [%emt 00:00:10]} 24... Nxg2 {[%clk 00:03:33]  [%emt 00:00:07]
} 25. Kxg2 {[%clk 00:00:53]} 25... Qg5+ {[%clk 00:03:35]} 26. Kh2 {
[%clk 00:00:52]  [%emt 00:00:10]} 26... Kf7 {[%clk 00:03:31]} 27. Re3 {
[%clk 00:00:20]  [%emt 00:00:33]} 27... Rh8+ {[%clk 00:03:29]  [%emt 00:00:11]}
28. Rh3 {[%clk 00:00:22]  [%emt 00:00:03]} 28... Rxh3+ 0-1

[Event "II Open Internacional Blitz Quart de Pob"]
[Site "Quart de Poblet, Spain"]
[Date "2019.08.10"]
[Round "9.6"]
[White "Santos Saura, Iobhar"]
[Black "Martin Ayala, David"]
[Result "0-1"]
[WhiteElo "1644"]
[BlackElo "2058"]
[PlyCount "106"]
[EventDate "2019.??.??"]

1. e4 {[%clk 00:07:05]} 1... d5 {[%clk 00:07:06]} 2. exd5 {[%clk 00:07:06]}
2... Nf6 {[%clk 00:07:08]} 3. g3 {[%clk 00:06:53]} 3... Nxd5 {
[%clk 00:07:07]  [%emt 00:00:04]} 4. Bg2 {[%clk 00:06:55]} 4... c6 {
[%clk 00:07:09]} 5. Ne2 {[%clk 00:06:57]  [%emt 00:00:04]} 5... g6 {
[%clk 00:07:06]  [%emt 00:00:03]} 6. Nbc3 {[%clk 00:06:59]} 6... Bg7 {
[%clk 00:07:07]  [%emt 00:00:04]} 7. O-O {[%clk 00:06:59]  [%emt 00:00:04]}
7... Bg4 {[%clk 00:07:03]  [%emt 00:00:08]} 8. h3 {
[%clk 00:06:56]  [%emt 00:00:07]} 8... Bxe2 {[%clk 00:07:00]  [%emt 00:00:17]}
9. Nxe2 {[%clk 00:06:54]} 9... Qb6 {[%clk 00:06:56]} 10. d4 {
[%clk 00:06:50]  [%emt 00:00:04]} 10... Nd7 {[%clk 00:06:47]  [%emt 00:00:08]}
11. c3 {[%clk 00:06:52]  [%emt 00:00:11]} 11... O-O {
[%clk 00:06:27]  [%emt 00:00:13]} 12. Qc2 {[%clk 00:06:39]  [%emt 00:00:36]}
12... Rad8 {[%clk 00:06:14]} 13. Nf4 {[%clk 00:06:39]  [%emt 00:00:18]} 13...
Nxf4 {[%clk 00:05:51]  [%emt 00:00:08]} 14. Bxf4 {
[%clk 00:06:41]  [%emt 00:00:37]} 14... e5 {[%clk 00:05:52]} 15. dxe5 {
[%clk 00:06:20]  [%emt 00:00:04]} 15... Nxe5 {[%clk 00:05:53]} 16. Be3 {
[%clk 00:06:22]} 16... Qc7 {[%clk 00:05:29]  [%emt 00:00:20]} 17. Rad1 {
[%clk 00:06:20]  [%emt 00:00:03]} 17... Nc4 {[%clk 00:05:18]  [%emt 00:00:11]}
18. Bf4 {[%clk 00:06:17]  [%emt 00:00:26]} 18... Qa5 {
[%clk 00:05:06]  [%emt 00:00:10]} 19. a3 {[%clk 00:05:24]  [%emt 00:00:42]}
19... Qb6 {[%clk 00:04:47]  [%emt 00:00:25]} 20. Bc1 {
[%clk 00:05:15]  [%emt 00:00:19]} 20... Rfe8 {[%clk 00:04:30]  [%emt 00:00:10]}
21. b3 {[%clk 00:05:13]  [%emt 00:00:21]} 21... Na5 {
[%clk 00:04:20]  [%emt 00:00:07]} 22. b4 {[%clk 00:04:45]  [%emt 00:00:49]}
22... Nc4 {[%clk 00:04:22]} 23. Qb3 {[%clk 00:04:48]} 23... Ne5 {
[%clk 00:03:49]  [%emt 00:00:12]} 24. Be3 {[%clk 00:04:44]  [%emt 00:00:06]}
24... Qb5 {[%clk 00:03:40]  [%emt 00:00:11]} 25. Rxd8 {
[%clk 00:02:44]  [%emt 00:02:10]} 25... Rxd8 {[%clk 00:03:38]  [%emt 00:00:05]}
26. Rd1 {[%clk 00:02:46]} 26... Rxd1+ {[%clk 00:03:20]  [%emt 00:00:16]} 27.
Qxd1 {[%clk 00:02:48]  [%emt 00:00:03]} 27... Qd3 {
[%clk 00:03:21]  [%emt 00:00:03]} 28. Qxd3 {[%clk 00:01:59]  [%emt 00:00:49]}
28... Nxd3 {[%clk 00:03:23]  [%emt 00:00:10]} 29. Bxa7 {[%clk 00:02:00]} 29...
Bxc3 {[%clk 00:03:22]} 30. Be4 {[%clk 00:01:35]  [%emt 00:00:24]} 30... Ne5 {
[%clk 00:02:29]  [%emt 00:00:55]} 31. b5 {[%clk 00:01:36]  [%emt 00:00:37]}
31... cxb5 {[%clk 00:02:19]  [%emt 00:00:04]} 32. Bxb7 {[%clk 00:01:38]} 32...
Nc4 {[%clk 00:02:17]} 33. Bc5 {[%clk 00:01:40]} 33... Bb2 {[%clk 00:02:10]} 34.
Bc6 {[%clk 00:01:22]  [%emt 00:00:13]} 34... Bxa3 {
[%clk 00:01:53]  [%emt 00:00:20]} 35. Bxb5 {[%clk 00:01:22]  [%emt 00:00:23]}
35... Nd6 {[%clk 00:01:55]} 36. Bxd6 {[%clk 00:01:15]  [%emt 00:00:06]} 36...
Bxd6 {[%clk 00:01:57]} 37. Kg2 {[%clk 00:01:17]} 37... Kg7 {[%clk 00:01:59]}
38. g4 {[%clk 00:01:16]} 38... Kf6 {[%clk 00:02:01]} 39. Bc4 {[%clk 00:01:18]}
39... Ke7 {[%clk 00:02:01]  [%emt 00:00:07]} 40. Kf3 {[%clk 00:01:18]} 40... f6
{[%clk 00:01:58]  [%emt 00:00:18]} 41. Ke4 {[%clk 00:01:19]  [%emt 00:00:06]}
41... Bc5 {[%clk 00:01:53]} 42. f3 {[%clk 00:01:21]} 42... Bf2 {[%clk 00:01:54]
} 43. Bg8 {[%clk 00:01:23]} 43... h6 {[%clk 00:01:55]} 44. Bh7 {[%clk 00:01:25]
} 44... Kf7 {[%clk 00:01:58]} 45. Kd5 {[%clk 00:00:56]  [%emt 00:00:23]} 45...
Kg7 {[%clk 00:01:59]  [%emt 00:00:06]} 46. Ke6 {[%clk 00:00:59]} 46... Bd4 {
[%clk 00:01:57]  [%emt 00:00:07]} 47. Bxg6 {[%clk 00:00:59]  [%emt 00:00:07]}
47... Kxg6 {[%clk 00:01:58]} 48. h4 {[%clk 00:00:55]  [%emt 00:00:04]} 48...
Be5 {[%clk 00:01:51]  [%emt 00:00:09]} 49. Kd5 {
[%clk 00:00:54]  [%emt 00:00:03]} 49... Bg3 {[%clk 00:01:52]  [%emt 00:00:03]}
50. h5+ {[%clk 00:00:55]  [%emt 00:00:06]} 50... Kg5 {[%clk 00:01:54]} 51. Ke4
{[%clk 00:00:56]} 51... Bf2 {[%clk 00:01:53]  [%emt 00:00:03]} 52. Kd3 {
[%clk 00:00:55]  [%emt 00:00:04]} 52... Kf4 {[%clk 00:01:55]  [%emt 00:00:09]}
53. Ke2 {[%clk 00:00:58]} 53... Kg3 {[%clk 00:01:56]} 0-1